| 000 | ncm a22 a 4500 | ||
|---|---|---|---|
| 999 |
_c350300 _d350300 |
||
| 003 | BLK | ||
| 005 | 20201007040658.0 | ||
| 008 | 200401b bu ||||| |||| 00| 0 bu d | ||
| 040 | _aBLK | ||
| 041 |
_aBUL _cBUL |
||
| 080 |
_aАлтхорн, кавал, гайда и др. _b788.91 _z788.91 |
||
| 100 |
_aКлинкова, Живка Михайлова _eпърви автор _91299 |
||
| 139 |
_aКлинкова, Живка Михайлова _bК 65 |
||
| 245 |
_aДуети за кавал _cЖивка Клинкова |
||
| 260 |
_9209430 _bМузика _c1984 |
||
| 300 |
_a28 с. : с ноти _c33 см |
||
| 380 | _a7 | ||
| 501 | _a406 тир. | ||
| 852 |
_aМ II 9674 _bЦб |
||
| 942 |
_cNOT _n0 _s1 |
||
| 944 |
_aCR _c2020-04-01 _kК.Д. |
||
| 999 | _d350300 | ||
| 999 | _d350300 | ||
| 999 | _d350300 | ||